Statistiques concernant États de Facto non Reconnus par l'ONU

Cliquez ici pour prendre le quiz!

Statistiques générales

  • Ce quiz a été pris 84 fois
  • Le résultat moyen est 8 sur 16

Statistiques - réponses

Europe% Correct
Kosovo
78%
Palestine
68%
Taiwan
67%
Sahara Occidental
64%
Ossétie du Sud
62%
Abkhazie
57%
Somaliland
51%
Chypre
49%
Haut-Karabagh
46%
Transnistrie
46%
Israël
45%
Corée du Nord
41%
Chypre du Nord
33%
Corée du Sud
32%
Chine
30%
Arménie
29%

Distribution des résultats

Percentile par nombre de réponses

% des personnes avec chaque résultat

Votre développement - résultats

Vous n’avez pas pris ce quiz